MARC

LEADER 00000nam0a2200000 4500
001 280123
005 20231101235257.0
035 |a (RuTPU)RU\TPU\book\303432 
090 |a 280123 
100 |a 20141225d1986 k y0rusy50 ca 
101 0 |a rus 
102 |a RU 
105 |a a z 001zy 
200 1 |a Безопасность людей при пожарах  |e сборник научных трудов  |f Всесоюзный научно-исследовательский институт противопожарной обороны 
210 |a Москва  |c Изд-во ВНИИПО  |d 1986 
215 |a 118 с.  |c ил. 
320 |a Библиография в конце статей 
606 1 |a Пожарная профилактика  |2 stltpush  |3 (RuTPU)RU\TPU\subj\49932  |9 68692 
610 1 |a многоэтажные здания 
610 1 |a пожары 
610 1 |a безопасность 
610 1 |a люди 
610 1 |a торговые центры 
610 1 |a негерметически замкнутые объекты 
610 1 |a продукты горения 
610 1 |a кислород 
610 1 |a концентрация 
610 1 |a температура 
610 1 |a расчет 
610 1 |a горючие газы 
610 1 |a распространение 
610 1 |a противодымная защита 
610 1 |a эвакуация 
610 1 |a поведение 
610 1 |a пожарные 
675 |a 614.841.3  |v 4 
712 0 2 |a Всесоюзный научно-исследовательский институт противопожарной обороны  |g ВНИИПО  |2 stltpush  |3 (RuTPU)RU\TPU\col\8877 
801 1 |a RU  |b 63413507  |c 20141225 
801 2 |a RU  |b 63413507  |c 20170426  |g RCR 
942 |c BK